000
00258nam a2200121Ia 4500
100
_a
Bittel/ Lister.R
942
_c
BK
654
_a
Exception
245
_a
Management by Exception
260
_b
Tata Mc Graw hill
_c
2001
300
_a
320
546
_a
ENGLISH
999
_c
24796
_d
24796